00643nam a2200205Ia 4500003000900000008004100009020001800050040001600068080001700084100003000101245005000131260004200181300001400223650003500237650001900272650002100291942000700312999001500319952010300334IN-BaIIA211028s9999 xx 000 0 eng d a90-277-0514-3 cIIA Library a524.834bPAP aPapapetrou, Achille98587 0aLectures on general relativitycA. Papapetrou aDordrechtbD. Reidel Publishingc1974 aix, 203p. a General theory of relativity a Relativity  aNASA thesaurus  cBK c4822d4822 00104070aBANbBANcGENd1976-03-15l0o524.834/ PAPp5397r2021-11-05w1976-03-15yBKGDM 75.00